|
|
|
|
| LEADER |
01129nam a2200277 a 4500 |
| 008 |
100617s2003enka 000 0 eng d |
| 020 |
|
|
|a 0521497671 (student's book)
|
| 020 |
|
|
|a 0521497663 (cassettes)
|
| 020 |
|
|
|a 0521546095
|
| 040 |
|
|
|a AUH
|c AUH
|d BD-DhAAL
|
| 082 |
0 |
0 |
|a 428.0071
|2 21
|
| 100 |
1 |
|
|a Jakeman, Vanessa.
|
| 245 |
1 |
0 |
|a Cambridge practice tests for IELTS 1 /
|c Vanessa Jakeman and Clare McDowell.
|
| 260 |
|
|
|a Cambridge :
|b Cambridge University Press,
|c 2003.
|
| 300 |
|
|
|a iv, 156 p. :
|b ill. ;
|c 24 cm.
|
| 500 |
|
|
|a "Self-study edition"
|
| 541 |
1 |
|
|e 00015134
|
| 650 |
|
0 |
|a English language
|v Textbooks for foreign speakers.
|
| 650 |
|
0 |
|a English language
|v Problems, exercises, etc.
|
| 650 |
|
0 |
|a English language
|v Examinations
|v Study guides.
|
| 650 |
|
0 |
|a International English Language Testing System.
|
| 700 |
1 |
|
|a McDowell, Clare.
|
| 852 |
4 |
|
|a Ayesha Abed Library
|j General shelf
|
| 942 |
0 |
0 |
|0 1
|
| 999 |
|
|
|c 8977
|d 8977
|
| 952 |
|
|
|0 0
|1 0
|2 ddc
|4 0
|6 428_007100000000000_JAK_2003
|7 0
|9 11052
|a BRACUL
|b BRACUL
|c GEN
|d 2010-06-17
|l 25
|m 220
|o 428.0071 JAK
|p 3010015134
|q 2026-06-02
|r 2026-04-16
|s 2026-04-16
|t 1
|w 2010-06-17
|y BK
|